000 nam a22 7a 4500
999 _c127082
_d127082
008 171011b xxu||||| |||| 00| 0 eng d
050 _aPS121.K7
245 _aEssays on determinism
_cEdited by Sydney J. Krause
260 _aKent, Ohio
_bKent State University Press
_c1964
300 _a116p. ;
_c23cm.
440 _aKent studies in english, no. 1
_936996
650 _aAmerican Literature
_xAddresses
_936977
700 _aKrause, Sydney J.
_eed.
_936997
942 _2lcc
_cMONOGRAPH